First Lines Of KATSEYE Songs - Statistics

General Stats
  • This quiz has been taken 49 times
  • The average score is 8 of 10
Answer Stats
First Line Song % Correct
They could describe everything with one single word / You know? Like Gnarly
98%
Haven't you heard? I’m the ________ ____ Internet Girl
94%
La, la-la / La-la-la, la, la Debut
92%
I-I-I-I bet it goes like this PINKY UP
88%
Hot like a bullet / Flying too fast, I couldn't catch it / Heart in the casket Gabriela
85%
God bless the sweet girls / God bless the dream girls Mean Girls
85%
Tell your friends that I love the drama Gameboy
83%
Gotcha like a moth to the _____ / 想要得到我但你根本不配 Flame
75%
Wake up / Momma's mad 'cause I stayed up My Way
73%
There's a hundred reasons why I show up late and then I don't talk Tonight I Might
69%
No matching quizzes found
Score Distribution
Percent of People with Each Score
Percentile by Number Answered
Your Score History
You have not taken this quiz